Library Banner

Research design in urban planning : (Record no. 91488)

MARC details
000 -LEADER
fixed length control field 00683cam a2200241 i 4500
001 - CONTROL NUMBER
control field 18586641
005 - DATE AND TIME OF LATEST TRANSACTION
control field 20170307111227.0
008 - FIXED-LENGTH DATA ELEMENTS--GENERAL INFORMATION
fixed length control field 150422t20162016caua b 001 0 eng d
020 ## - INTERNATIONAL STANDARD BOOK NUMBER
International Standard Book Number 9781446294451
020 ## - INTERNATIONAL STANDARD BOOK NUMBER
International Standard Book Number 1446294455
020 ## - INTERNATIONAL STANDARD BOOK NUMBER
International Standard Book Number 1446294447
020 ## - INTERNATIONAL STANDARD BOOK NUMBER
International Standard Book Number 9781446294444
040 ## - CATALOGING SOURCE
Transcribing agency PK-LaUMT
082 04 - DEWEY DECIMAL CLASSIFICATION NUMBER
Classification number 711.4072
Item number FAR-R
100 1# - MAIN ENTRY--PERSONAL NAME
Personal name Farthing, Stuart M.
245 10 - TITLE STATEMENT
Title Research design in urban planning :
Remainder of title a student's guide /
Statement of responsibility, etc Stuart Farthing
260 ## - PUBLICATION, DISTRIBUTION, ETC. (IMPRINT)
Place of publication, distribution, etc London :
Name of publisher, distributor, etc Sage,
Date of publication, distribution, etc 2016
300 ## - PHYSICAL DESCRIPTION
Extent xiv, 221 p. :
Other physical details illustrations ;
Dimensions 24 cm
650 #0 - SUBJECT ADDED ENTRY--TOPICAL TERM
Topical term or geographic name as entry element City planning
General subdivision Research.
650 #7 - SUBJECT ADDED ENTRY--TOPICAL TERM
Topical term or geographic name as entry element City planning
General subdivision Research.
650 #7 - SUBJECT ADDED ENTRY--TOPICAL TERM
Topical term or geographic name as entry element Villes
General subdivision Recherche.
942 ## - ADDED ENTRY ELEMENTS (KOHA)
Koha item type Books
Holdings
Withdrawn status Lost status Damaged status Home library Current library Date acquired Full call number Barcode Date last seen Price effective from Koha item type
      UMT Main Campus UMT Main Campus 2017-03-07 711.4072 FAR-R 105932 2019-01-08 2017-03-07 Books